000
00312nam a2200145Ia 4500
100
_a
Oestereich/ Bernd
942
_c
BK
654
_a
computer
245
_a
Developing Software with UML
260
_b
Addison Wesly
_c
1999
082
_a
005.133'UML
_b
BOO
300
_a
321
546
_a
ENGLISH
999
_c
30839
_d
30839